Visual statistics 2.0

Guardado en:
Detalles Bibliográficos
Autor principal: Doane, David P.
Formato: Libro
Lenguaje:Undetermined
Publicado: NewYork McGraw - Hill 2001
Materias:
Etiquetas: Agregar Etiqueta
Sin Etiquetas, Sea el primero en etiquetar este registro!
Thư viện lưu trữ: Trung tâm Học liệu Trường Đại học Cần Thơ
LEADER 00596nam a2200205Ia 4500
001 CTU_184356
008 210402s9999 xx 000 0 und d
020 |c 3.95 
082 |a 005.118 
082 |b D631 
100 |a Doane, David P. 
245 0 |a Visual statistics 2.0 
245 0 |c David P. Doane, Kieran Mathieson, Ronald L. Tracy 
260 |a NewYork 
260 |b McGraw - Hill 
260 |c 2001 
650 |a Statistics,Khoa học thống kê 
904 |i Đặng Cẩm Thuỳ 
910 |a AVA.000624 (MON.105247) 
980 |a Trung tâm Học liệu Trường Đại học Cần Thơ